| 000 | 00736nam a2200241 a 4500 | ||
|---|---|---|---|
| 005 | 20180803165410.0 | ||
| 008 | 160106b2008 ck a fr|||| 00| 0 spa d | ||
| 020 | _a97895817190304 | ||
| 040 |
_aCO-BoIAVH _cCO-BoIAVH |
||
| 041 | _aspa | ||
| 044 | _ack | ||
| 082 | 4 |
_a354.327 _bC35m |
|
| 090 |
_aLB _b05389 |
||
| 100 | 1 | _aCastiblanco Rozo, Carmenza | |
| 245 | 1 | _aManual de valoración económica del medio ambiente | |
| 260 |
_aBogotá _bIDEA _c2008 |
||
| 300 |
_a166 paginas.: _bilustraciones; _c24 x 17 cm |
||
| 650 | 6 | _aeconomía medioambiental | |
| 650 | 6 | _aMedio ambiente | |
| 650 | 6 | _aGestión ambiental | |
| 650 | 6 |
_avaloracion economica ambiental _zSan salvador |
|
| 942 |
_cLIBRO _2ddc |
||
| 999 |
_c6725 _d6725 |
||